Welcome to CU Library Online Public Access Catalogue (OPAC)

Public relations in management (Record no. 4505)

MARC details
000 -LEADER
fixed length control field 00375nam a22001457a 4500
005 - DATE AND TIME OF LATEST TRANSACTION
control field 20250304095643.0
008 - FIXED-LENGTH DATA ELEMENTS--GENERAL INFORMATION
fixed length control field 250304b |||||||| |||| 00| 0 eng d
020 ## - INTERNATIONAL STANDARD BOOK NUMBER
International Standard Book Number 9789988129521
050 ## - LIBRARY OF CONGRESS CALL NUMBER
Classification number HD47
Item number .02 OSE
100 ## - MAIN ENTRY--PERSONAL NAME
Personal name Osei-Tete, Freeman
245 ## - TITLE STATEMENT
Title Public relations in management
260 ## - PUBLICATION, DISTRIBUTION, ETC.
Place of publication, distribution, etc. Accra
Name of publisher, distributor, etc. Mustard Impressions
Date of publication, distribution, etc. c2010
300 ## - PHYSICAL DESCRIPTION
Extent 224p
942 ## - ADDED ENTRY ELEMENTS (KOHA)
Source of classification or shelving scheme Library of Congress Classification
Koha item type Books
Suppress in OPAC No
999 ## -
-- 4505
-- 4505
Holdings
Withdrawn status Lost status Source of classification or shelving scheme Damaged status Not for loan Collection Home library Current library Shelving location Date acquired Total checkouts Full call number Barcode Date last seen Copy number Price effective from Koha item type
    Library of Congress Classification     Non-fiction Undergraduate Library (Christ Temple) Undergraduate Library (Christ Temple) General stacks 03/04/2025   HD47.02 OSE ulct00001498 03/04/2025 1 03/04/2025 Books
    Library of Congress Classification     Non-fiction Undergraduate Library (Christ Temple) Undergraduate Library (Christ Temple) General stacks 03/04/2025   HD47.02 OSE ulct00001499 03/04/2025 2 03/04/2025 Books
    Library of Congress Classification     Non-fiction Undergraduate Library (Christ Temple) Undergraduate Library (Christ Temple) General stacks 03/04/2025   HD47.02 OSE ulct00001500 03/04/2025 3 03/04/2025 Books
    Library of Congress Classification     Non-fiction Undergraduate Library (Christ Temple) Undergraduate Library (Christ Temple) General stacks 03/04/2025   HD47.02 OSE ulct00001501 03/04/2025 4 03/04/2025 Books
    Library of Congress Classification     Non-fiction Undergraduate Library (Christ Temple) Undergraduate Library (Christ Temple) General stacks 03/04/2025   HD47.02 OSE ulct00001502 03/04/2025 5 03/04/2025 Books
    Library of Congress Classification     Non-fiction Undergraduate Library (Christ Temple) Undergraduate Library (Christ Temple) General stacks 03/04/2025   HD47.02 OSE ulct00001503 03/04/2025 6 03/04/2025 Books
© 2023-2024 Copyright: Central University Libraries. All Rights Reserved | Created by: Mahone Tech Office